| 000 | 00813nam a2200241 a 4500 | ||
|---|---|---|---|
| 005 | 20171117124528.0 | ||
| 008 | 140311b1997 gw ||||| |||| 00| 0 eng d | ||
| 040 |
_aCO-BoIAVH _cCO-BoIAVH |
||
| 041 | 0 | _aeng | |
| 044 | _agx | ||
| 082 | 0 | 4 |
_a661.806 _bW66d |
| 100 | 1 |
_aWijesekera, R. O. B. _eautor |
|
| 245 | 1 | 4 |
_aThe distillation of essential oils : _bmanufacturing and plant construction handbook / |
| 250 | _aSegunda edición | ||
| 260 |
_aEschborn (Alemania) : _bProtrade, _c1997. |
||
| 300 |
_a169 páginas : _bilustraciones ; _c30 x 21 cm. |
||
| 650 | 2 | 6 |
_aAceites esenciales _xDestilación |
| 650 | 2 | 6 | _aIndustria destilera |
| 650 | 2 | 6 | _aPlantas industriales |
| 700 | 1 |
_aRatnatunga, C. M. _eautor |
|
| 700 | 1 |
_aDürbeck, Klaus _eautor |
|
| 942 |
_cLIBRO _2ddc |
||
| 999 |
_c3305 _d3305 |
||